Statistiken für Nach Personen benannte Pflanzen

Klicken Sie hier um das Quiz zu spielen!

Allgemein

  • Dieses Quiz wurde 82 mal gespielt
  • Das Durchschnittsergebnis liegt bei 5 aus 12

Antwortstatistiken

Antwort% Korrekt
D{ahlie}
86%
M{agnolie}
68%
G{erbera}
65%
F{uchsie}
60%
B{egonie}
48%
F{orsythie}
46%
F{reesie}
37%
K{amelie}
28%
S{trelitzie}
28%
L{obelie}
23%
R{obinie}
20%
B{ougainvillea}
11%

Verteilung der Resultate

Perzentil nach korrekt beantworteten Fragen

Anzahl Personen mit jedem Resultat

Ihre Resultats-Entwicklung

Sie haben dieses Quiz noch nicht gespielt